<?xml version="1.0" encoding="utf-8"?>
<?xml-stylesheet type='text/xsl' href='./oai2.xsl'?>
<OAI-PMH xmlns="http://www.openarchives.org/OAI/2.0/" xmlns:xsi="http://www.w3.org/2001/XMLSchema-instance" xsi:schemaLocation="http://www.openarchives.org/OAI/2.0/ http://www.openarchives.org/OAI/2.0/OAI-PMH.xsd">
  <responseDate>2026-06-07T21:30:12Z</responseDate>
  <request verb="GetRecord" metadataPrefix="marcxml" identifier="record_kuniweb_1355016">https://kulturerbe.niedersachsen.de/oai</request>
  <GetRecord>
    <record>
      <header>
        <identifier>record_kuniweb_1355016</identifier>
        <datestamp>2020-05-10T09:25:12Z</datestamp>
        <setSpec>slg0226</setSpec>
      </header>
      <metadata>
        <marc:record xmlns:marc="http://www.loc.gov/MARC21/slim" xsi:schemaLocation="http://www.loc.gov/MARC21/slim http://www.loc.gov/standards/marcxml/schema/MARC21slim.xsd">
          <marc:leader>12345nrm  22     uu 4500</marc:leader>
          <marc:controlfield tag="001">1355016</marc:controlfield>
          <marc:controlfield tag="003">http://kuniweb.gbv.de</marc:controlfield>
          <marc:controlfield tag="005">2020-05-08T06:18:11</marc:controlfield>
          <marc:controlfield tag="008">|           ||||||||||||||||||||||</marc:controlfield>
          <marc:datafield tag="245" ind1="1" ind2="0">
            <marc:subfield code="a">Ofenplatte</marc:subfield>
          </marc:datafield>
          <marc:datafield tag="710" ind1="2" ind2=" ">
            <marc:subfield code="a">Sollinger Hütte &lt;Uslar&gt;</marc:subfield>
            <marc:subfield code="b">1715</marc:subfield>
            <marc:subfield code="e">Hersteller</marc:subfield>
          </marc:datafield>
          <marc:datafield tag="655" ind1=" " ind2="7">
            <marc:subfield code="a">Alltagskultur</marc:subfield>
          </marc:datafield>
          <marc:datafield tag="046" ind1=" " ind2=" ">
            <marc:subfield code="k">1700</marc:subfield>
            <marc:subfield code="k">18.Jahrhundert</marc:subfield>
            <marc:subfield code="l">1799</marc:subfield>
          </marc:datafield>
          <marc:datafield tag="260" ind1=" " ind2=" ">
            <marc:subfield code="g">1700</marc:subfield>
            <marc:subfield code="g">1799</marc:subfield>
            <marc:subfield code="g">18.Jahrhundert</marc:subfield>
          </marc:datafield>
          <marc:datafield tag="300" ind1=" " ind2=" ">
            <marc:subfield code="a">Dicke: 3,35 cm
Breite: 47 cm
Höhe: 59 cm</marc:subfield>
          </marc:datafield>
          <marc:datafield tag="520" ind1=" " ind2=" ">
            <marc:subfield code="a">Eiserne Ofenplatte, Teilstück eines größeren, aus einzelnen Eisenplatten zusammengesetzten Ofens. Motiv auf der Platte: Hannoversches Wappen Georgs III., König von Großbritannien und Kurfürst von Hannover. Unter dem Wappen befindet sich ein nur noch teilweise erkennbarer Schriftzug. Vermutlich handelt es sich um den offiziellen Titel Georgs III. 
In dem vom Britischen Löwen und dem Schottischen Einhorn gehaltenen viergeteilten Wappen sind folgende Symbole dargestellt: Links oben: Die Englischen Löwen und der schottische Löwe. Rechts oben: Die Französischen Lilien sls Ausdruck des historischen Anspruchs des Englischen Königshauses auf den Französischen Thron. Links unten: die Irische Harfe Rechts unten: die Kurhannoverschen Symbole, welche sind die Cellischen Löwen, der Braunschweigische Löwe, das Sachsenroß, sowie als Zeichen der den Welfen 1710 verliehenen Erzschatzmeisterwürde des Deutschen Reiches die Reichskrone. Die das Wappen, sowie die ganze Darstellung umlaufenden erhabenen Schriftzüge sind nicht mehr erkennbar. (Inventarisationskartei; Unbekannt)

Aufschrift:
"GEORG III. D. G. M. BR. REX D. BR. ...NATH. ... H." "... NON DROIT" (Nur noch teilweise erkennbarer Schriftzug.)

Verwendungszweck:
Teil eines Eisenofens</marc:subfield>
          </marc:datafield>
          <marc:datafield tag="650" ind1="1" ind2=" ">
            <marc:subfield code="a">Ofenplatte</marc:subfield>
          </marc:datafield>
          <marc:datafield tag="650" ind1="1" ind2=" ">
            <marc:subfield code="a">Eisenofen</marc:subfield>
          </marc:datafield>
          <marc:datafield tag="650" ind1="1" ind2=" ">
            <marc:subfield code="a">Ofenplatte</marc:subfield>
          </marc:datafield>
          <marc:datafield tag="650" ind1="1" ind2=" ">
            <marc:subfield code="a">Kamine/Öfen/Herde</marc:subfield>
          </marc:datafield>
          <marc:datafield tag="773" ind1="0" ind2=" ">
            <marc:subfield code="t">Sollinger Hütte</marc:subfield>
          </marc:datafield>
          <marc:datafield tag="852" ind1=" " ind2=" ">
            <marc:subfield code="a">Museum Uslar</marc:subfield>
          </marc:datafield>
          <marc:datafield tag="852" ind1=" " ind2=" ">
            <marc:subfield code="a">Uslar (Northeim, Niedersachsen)</marc:subfield>
          </marc:datafield>
          <marc:datafield tag="852" ind1=" " ind2=" ">
            <marc:subfield code="a">Sohlingen (Uslar, Northeim, Niedersachsen)</marc:subfield>
          </marc:datafield>
          <marc:datafield tag="" ind1=" " ind2=" ">
            <marc:subfield code="a">Namensnennung - Nicht kommerziell - Keine Bearbeitungen 4.0 International (CC BY-NC-ND 4.0)</marc:subfield>
          </marc:datafield>
        </marc:record>
      </metadata>
    </record>
  </GetRecord>
</OAI-PMH>
